| 000 | 00626nam a2200229Ia 4500 | ||
|---|---|---|---|
| 003 | OSt | ||
| 005 | 20220926014848.0 | ||
| 006 | a|||||r|||| 00| 0 | ||
| 007 | ta | ||
| 008 | 220923b |||||||| |||| 00| 0 eng d | ||
| 037 | _cGeneral Book | ||
| 040 |
_aRTL _cRTL _beng |
||
| 041 |
_2eng _aeng |
||
| 082 | _aV41,1y7M93, L7 | ||
| 100 |
_aHoward Roger _927208 |
||
| 245 | 0 | _aMao Tse-Tung and the Chinese people | |
| 260 |
_aNew York _bMonthly Review Press _c1977 |
||
| 300 |
_a394p _ccm. |
||
| 650 | _aChina History | ||
| 942 |
_hV41,1y7M93, L7 _cGB _2CC |
||
| 999 |
_c630015 _d630015 |
||